Jason Isbell Songs - Sudden Death - Statistics

General Stats
  • This quiz has been taken 37 times
  • The average score is 11 of 17
Answers on the Grid
Answers color-coded by a green-red scale on the quiz's grid according to % correct below.
Alabama Pines
Midnight Train to Memphis
Go It Alone
Never Gonna Change
Empty Cups
Danko/Manuel
Ballad of a Southern Man
Diamonds and Gasoline
Outfit
If You Insist
Volunteer
Big Men in Town
Chaos and Clothes
Carl Perkins' Cadillac
Bossier City
KOA
Crystal Clear
Super 8
If the Sun Rises Again
Hell's Angels
If It Takes a Lifetime
Long Hard Road
1968
White Beretta
Before the Devil Knows We're Dead
Anxiety
24 Frames
Yvette
Stones
The Magician
 
Answer Stats
Answer % Correct
Alabama Pines
100%
24 Frames
88%
If It Takes a Lifetime
88%
Chaos and Clothes
82%
Super 8
82%
Yvette
76%
White Beretta
71%
Anxiety
65%
Go It Alone
65%
Outfit
59%
Danko/Manuel
53%
If You Insist
53%
Never Gonna Change
53%
The Magician
53%
Volunteer
53%
Carl Perkins' Cadillac
12%
Crystal Clear
6%
No matching quizzes found
Score Distribution
Percent of People with Each Score
Percentile by Number Answered
Your Score History
You have not taken this quiz